000
00362nam a2200169Ia 4500
100
_a
Rountree/Derrick
650
_a
Cloud computing
942
_c
BK
366
_f
25
654
_a
cloud computing
245
_a
The Basics of cloud computing
260
_b
Elsevier
_c
2014
082
_a
4.65
300
_a
155
546
_a
ENGLISH
_c
Computers
999
_c
32527
_d
32527